000 00644nam a2200229 i 4500
001 bg
100 1 _aCHROŚCICKI, Zbigniew
245 0 _aKonsulting w zarządzaniu :
_bdoradzać czy współpracować /
_cZbigniew Chrościcki ; [Polska Fundacja Promocji Kadr].
260 _aWarszawa :
_bPOLTEXT,
_c1997.
300 _a219 s. :
_brys., wykr. ;
_c24 cm.
490 1 _aEuromanagement
650 9 _aPoradnictwo
650 9 _aZarządzanie
830 _aEuromanagement
020 _a8386890274
040 _cBPK
041 0 _apl
080 _a659.2
920 _a83-86890-27-4
942 _cKS
008 s pl f |000 0 pol
999 _c25289
_d25289
856 _uhttp://koha.tu.koszalin.pl/cgi-bin/koha/opac-detail.pl?biblionumber=25289
_yKatalog online BPK